<?xml version="1.0" encoding="UTF-8"?>
<record
    xmlns:xsi="http://www.w3.org/2001/XMLSchema-instance"
    xsi:schemaLocation="http://www.loc.gov/MARC21/slim http://www.loc.gov/standards/marcxml/schema/MARC21slim.xsd"
    xmlns="http://www.loc.gov/MARC21/slim">

  <leader>00819na  a2200229   4500</leader>
  <controlfield tag="001">18297</controlfield>
  <controlfield tag="003">MIRAKIL</controlfield>
  <controlfield tag="005">20181213154930.0</controlfield>
  <controlfield tag="008">161116b        tu            000 0      </controlfield>
  <datafield tag="040" ind1=" " ind2=" ">
    <subfield code="a">Milas</subfield>
    <subfield code="b">tur</subfield>
    <subfield code="c">TR-AnCHP</subfield>
  </datafield>
  <datafield tag="041" ind1=" " ind2=" ">
    <subfield code="a">tur</subfield>
  </datafield>
  <datafield tag="082" ind1=" " ind2=" ">
    <subfield code="a">070.1906 </subfield>
    <subfield code="b">R79&#xFC; 2012</subfield>
  </datafield>
  <datafield tag="090" ind1=" " ind2=" ">
    <subfield code="a">070.1906 R79&#xFC; 2012</subfield>
  </datafield>
  <datafield tag="110" ind1=" " ind2=" ">
    <subfield code="a">Radyo ve Televizyon &#xDC;st Kurulu (RT&#xDC;K)</subfield>
  </datafield>
  <datafield tag="245" ind1=" " ind2=" ">
    <subfield code="a">3 Mart 2011 sonras&#x131; RT&#xDC;K faaliyetleri</subfield>
    <subfield code="b">Ba&#x15F;bakan yard&#x131;mc&#x131;s&#x131; say&#x131;n B&#xFC;lent Ar&#x131;n&#xE7;'a arz 19 Haziran 2012, Ankara</subfield>
    <subfield code="c">RT&#xDC;K</subfield>
  </datafield>
  <datafield tag="246" ind1=" " ind2=" ">
    <subfield code="a">Ba&#x15F;bakan yard&#x131;mc&#x131;s&#x131; say&#x131;n B&#xFC;lent Ar&#x131;n&#xE7;'a arz </subfield>
  </datafield>
  <datafield tag="260" ind1=" " ind2=" ">
    <subfield code="a">Ankara</subfield>
    <subfield code="b">Radyo ve Televizyon &#xDC;st Kurulu (RT&#xDC;K)</subfield>
    <subfield code="c">2012</subfield>
  </datafield>
  <datafield tag="300" ind1=" " ind2=" ">
    <subfield code="a">42 s.</subfield>
    <subfield code="b">res.; tbl.; grf.</subfield>
    <subfield code="c">30 sm.</subfield>
  </datafield>
  <datafield tag="500" ind1=" " ind2=" ">
    <subfield code="a">Yap&#x131;t slaytlardan olu&#x15F;an bir adet dosya halindedir.</subfield>
  </datafield>
  <datafield tag="610" ind1=" " ind2=" ">
    <subfield code="a">RT&#xDC;K</subfield>
    <subfield code="x">Faaliyetler</subfield>
  </datafield>
  <datafield tag="942" ind1=" " ind2=" ">
    <subfield code="2">dcc</subfield>
    <subfield code="c">BKS</subfield>
  </datafield>
  <datafield tag="952" ind1=" " ind2=" ">
    <subfield code="a">0001</subfield>
    <subfield code="b">0001</subfield>
    <subfield code="d">2016-11-16</subfield>
    <subfield code="e">2</subfield>
    <subfield code="l">0</subfield>
    <subfield code="o">070.1906 R79&#xFC; 2012</subfield>
    <subfield code="p">008690</subfield>
    <subfield code="r">2016-11-16 00:00:00</subfield>
    <subfield code="v">0.00</subfield>
    <subfield code="w">2016-11-16</subfield>
    <subfield code="y">BKS</subfield>
  </datafield>
  <datafield tag="999" ind1=" " ind2=" ">
    <subfield code="c">3392</subfield>
    <subfield code="d">3392</subfield>
  </datafield>
</record>
